مناهج التنمية المحلية في مصر / (رقم التسجيلة. 17321)

تفاصيل مارك
000 -LEADER
fixed length control field 012440000a22002890004500
003 - CONTROL NUMBER IDENTIFIER
control field EG-GiCUC
005 - DATE AND TIME OF LATEST TRANSACTION
control field 20250223025634.0
008 - FIXED-LENGTH DATA ELEMENTS--GENERAL INFORMATION
fixed length control field 081102s1996 ua f m 000 0 ara d
040 ## - CATALOGING SOURCE
Original cataloging agency EG-GiCUC
Language of cataloging ara
Transcribing agency EG-GiCUC
041 0# - LANGUAGE CODE
Language code of text/sound track or separate title Ara
049 ## - LOCAL HOLDINGS (OCLC)
Holding library ايداع
097 ## - Thesis Degree
Thesis Level ماجستير
099 ## - LOCAL FREE-TEXT CALL NUMBER (OCLC)
Classification number Cai01.22.02.M.Sc.1996.را.م
100 0# - MAIN ENTRY--PERSONAL NAME
Personal name راندا جلال حسين
245 10 - TITLE STATEMENT
Title مناهج التنمية المحلية في مصر /
Statement of responsibility, etc. راندا جلال حسين ؛ اشراف محمد طاهر الصادق : سامي امين عامر : راوية محمد عجلان
246 15 - VARYING FORM OF TITLE
Title proper/short title Local development methodologies in Egypt
260 ## - PUBLICATION, DISTRIBUTION, ETC.
Place of publication, distribution, etc. القاهرة :
Name of publisher, distributor, etc. راندا جلال حسين :
Date of publication, distribution, etc. 1996
300 ## - PHYSICAL DESCRIPTION
Extent 332ص :
Other physical details جداول ؛
Dimensions 25سم
502 ## - DISSERTATION NOTE
Dissertation note اطروحة(ماجستير) - جامعة القاهرة - كلية التخطيط الإقليمي والعمراني - قسم التنمية الإقليمية
700 0# - ADDED ENTRY--PERSONAL NAME
Personal name راوية محمد عجلان :
Relator term
700 0# - ADDED ENTRY--PERSONAL NAME
Personal name سامي امين عامر :
Relator term
700 0# - ADDED ENTRY--PERSONAL NAME
Personal name محمد طاهر الصادق :
Relator term
856 ## - ELECTRONIC LOCATION AND ACCESS
Uniform Resource Identifier <a href="http://172.23.153.220/th.pdf">http://172.23.153.220/th.pdf</a>
905 ## - LOCAL DATA ELEMENT E, LDE (RLIN)
Cataloger Mustafa
Reviser Revisor
905 ## - LOCAL DATA ELEMENT E, LDE (RLIN)
Cataloger Samia
Reviser Cataloger
942 ## - ADDED ENTRY ELEMENTS (KOHA)
Source of classification or shelving scheme Dewey Decimal Classification
Koha item type Thesis
المقتنيات
Source of classification or shelving scheme Not for loan Home library Current library Date acquired Full call number Barcode Date last seen Koha item type
Dewey Decimal Classification   المكتبة المركزبة الجديدة - جامعة القاهرة قاعة الرسائل الجامعية - الدور الاول 11.02.2024 Cai01.22.02.M.Sc.1996.را.م 01010100007281000 22.09.2023 Thesis
Cairo University Libraries Portal Implemented & Customized by: Eng. M. Mohamady Contacts: new-lib@cl.cu.edu.eg | cnul@cl.cu.edu.eg
CUCL logo CNUL logo
© All rights reserved — Cairo University Libraries
CUCL logo
Implemented & Customized by: Eng. M. Mohamady Contact: new-lib@cl.cu.edu.eg © All rights reserved — New Central Library
CNUL logo
Implemented & Customized by: Eng. M. Mohamady Contact: cnul@cl.cu.edu.eg © All rights reserved — Cairo National University Library